[Event "Schenectady op08"]
[Site "Schenectady"]
[Date "2003.08.24"]
[Round "3"]
[White "Townsend, William T"]
[Black "Palmer, Andrew"]
[Result "0-1"]
[WhiteElo "1883"]
[BlackElo "1725"]
[PlyCount "54"]
[EventDate "2003.08.24"]
[EventType "swiss"]
[EventRounds "3"]
[EventCountry "USA"]
[SourceTitle "EXT 2008"]
[Source "ChessBase"]
[SourceDate "2007.11.25"]
[SourceVersion "1"]
[SourceVersionDate "2007.11.25"]
[SourceQuality "1"]

1. e4 g6 2. d4 Bg7 3. Nc3 d6 4. f4 Nf6 5. Nf3 0-0 6. Bd3 Nbd7 7. e5 dxe5 8. fxe5 Ne8 9. 0-0 c5 10. e6 fxe6 11. Qe2 Nc7 12. Bc4 cxd4 13. Bxe6+ Nxe6 14. Qxe6+ Kh8 15. Nb5 Ne5 16. Qb3 Nxf3+ 17. Rxf3 Rxf3 18. Qxf3 Qb6 19. Na3 d3+ 20. Be3 Qxb2 21. Rf1 Qxa3 22. cxd3 Qxa2 23. Qe4 Qe6 24. Qf4 Bd7 25. Bc5 Rf8 26. Qb4 Rxf1+ 27. Kxf1 Qf5+ 0-1

[Event "Schenectady op05"]
[Site "Schenectady"]
[Date "2003.05.18"]
[Round "1"]
[White "Kabelac, Jiri"]
[Black "Palmer, Andrew"]
[Result "1/2-1/2"]
[WhiteElo "1885"]
[BlackElo "1720"]
[PlyCount "80"]
[EventDate "2003.05.18"]
[EventType "swiss"]
[EventRounds "3"]
[EventCountry "USA"]
[SourceTitle "EXT 2008"]
[Source "ChessBase"]
[SourceDate "2007.11.25"]
[SourceVersion "1"]
[SourceVersionDate "2007.11.25"]
[SourceQuality "1"]

1. d4 Nf6 2. c4 g6 3. Nc3 Bg7 4. e4 d6 5. Be2 0-0 6. Nf3 Nbd7 7. 0-0 c5 8. d5 Nb6 9. Nd2 Ne8 10. Qc2 f5 11. f3 Bd4+ 12. Kh1 fxe4 13. fxe4 Rxf1+ 14. Nxf1 Nf6 15. h3 Bd7 16. Nd2 Qe8 17. Qd3 a6 18. Nf3 Bxc3 19. bxc3 Nxc4 20. Qxc4 Bb5 21. Qb3 Bxe2 22. Ng1 c4 23. Qb4 Bd3 24. e5 Ne4 25. exd6 exd6 26. Bf4 Qd7 27. Re1 Re8 28. Nf3 Nf2+ 29. Kg1 Rxe1+ 30. Nxe1 Nxh3+ 31. gxh3 Qxh3 32. Nxd3 cxd3 33. Qxd6 Qg4+ 34. Kh1 Qf3+ 35. Kg1 Qd1+ 36. Kg2 Qe2+ 37. Kg3 Qe1+ 38. Kh3 Qh1+ 39. Kg3 Qe1+ 40. Kh3 Qh1+ 1/2-1/2

[Event "Albany Area Spring op"]
[Site "Albany"]
[Date "2003.??.??"]
[Round "2"]
[White "Palmer, Andrew"]
[Black "Battes, Lee T"]
[Result "0-1"]
[WhiteElo "1720"]
[BlackElo "2015"]
[PlyCount "54"]
[EventDate "2003.??.??"]
[EventType "swiss"]
[EventRounds "4"]
[EventCountry "USA"]
[SourceTitle "EXT 2007"]
[Source "ChessBase"]
[SourceDate "2006.11.23"]
[SourceVersion "1"]
[SourceVersionDate "2006.11.23"]
[SourceQuality "1"]

1. e4 c5 2. Nf3 d6 3. d4 cxd4 4. Nxd4 Nf6 5. Nc3 a6 6. a4 e5 7. Nf3 Be6 8. Be2 Nc6 9. 0-0 d5 10. exd5 Nxd5 11. Nxd5 Bxd5 12. Be3 Be7 13. Qb1 Be4 14. Rd1 Qc7 15. Nd2 Bg6 16. Nc4 Nb4 17. Bb6 Qc6 18. Bd3 Nxd3 19. cxd3 e4 20. a5 exd3 21. Ne5 Qd6 22. Nxg6 hxg6 23. g3 Qe6 24. f4 Qe2 25. Bf2 Rxh2 26. Kxh2 Qxf2+ 27. Kh3 0-0-0 0-1